000 01374nam a2200229 a 4500
001 000030860
005 20240925085246.0
008 110602t1941 dr 000 0dspa d
040 _aDO-SdBNP
_bspa
_cBNPHU
082 _a972.93
_bS913d
100 1 _aStrazzulla, José
_957395
245 1 0 _aDe Colón a Trujillo y otros ensayos /
_cJosé Strazzulla.
260 _aCiudad Trujillo, República Dominicana :
_b[s.n.],
_c1941.
300 _a121 p. ;
_c21 cm.
505 0 _aDe Colón a Trujillo --
_tLa filosofía de Trujillo siempre --
_tTrujillo y el Clero --
_tLa estética, factor primoridal de la soberanía nacional --
_tFrancisco Petrarca, poeta y crítico de arte --
_tEl valor de la persona --
_tLa meta eterna --
_tDerecho y estética --
_tLa influencia del Cristianismo en la determinación de las relaciones entre moral y derecho --
_tLa tradición en el descubrimiento de los verdaderos restos de Cristóbal Colón.
600 1 4 _aCOLÓN, CRISTÓBAL,
_d1451-1506
_xENSAYOS, CONFERENCIAS, ETC.
_940401
600 1 0 _aTrujillo Molina, Rafael Leónidas,
_d1891-1961
_xEnsayos, conferencias, etc.
_957396
651 4 _aRepública Dominicana
_xHistoria
_yERA DE TRUJILLO, 1930-1961
_xEnsayos, Conferencias, Etc.
_930520
651 0 _aRepública Dominicana --
_xHistoria --
_yDescubrimiento y conquista, 1492-1503
_9255
910 _aValidado. Control de calidad EMS.
049 _aBNPD
999 _c30352
_d30352